Widok standardowy
Widok MARC
Pozycja Personal Name
Liczba rekordów, w których użyto hasła: 1
001 - Numer kontrolny
- control field: 40900
003 - Identyfikator numeru kontrolnego
- control field: NUKAT
005 - Data i czas ostatniej modyfikacji
- control field: 20260429133438.0
008 - Dane kontrolne kodowane (40 znaków)
- fixed length control field: 070921n||a|znnaabn |a aaa |c
010 ## - Numer kontrolny Biblioteki Kongresu
- numer kontrolny LC: n 2007108826
040 ## - Instytucja sporządzająca rekord
- inst. przygot. dane do rek. khw: KIEL 010/JR
- język haseł przedmiotowych/tezaurus: kaba
- inst. wprow. rek. khw: KIEL 010/JR
- inst. modyf. rek. khw: WA U/76AU
100 1# - Hasło - nazwa osobowa
- nazwa osobowa w formie ujednoliconej: Majcher-Ociesa, Edyta.
400 1# - Trop zob. - nazwa osobowa
- nazwa osobowa (nazwisko, imiona): Ociesa, Edyta Majcher-.
400 1# - Trop zob. - nazwa osobowa
- nazwa osobowa (nazwisko, imiona): Majcher, Edyta.
670 ## - Źródło informacji
- źródło informacji: Kp. Aktywność gospodarcza ludności żydowskiej w województwie kieleckim w latach 1918-1939 / Edyta Majcher. - Kielce, 2007.
670 ## - Źródło informacji
- źródło informacji: OPI online
- gdzie znaleziono informację: (Edyta Kamilla Majcher)
670 ## - Źródło informacji
- źródło informacji: Uniwersytet Humanistyczno-Przyrodniczy Jana Kochanowskiego w Kielcach. Instytut Historii, 16.05.2011
- adres internetowy: http://www.ujk.edu.pl/ihis/drmajcher.html